Państwa, które dzielą te regiony 4# - Statystyki

Ogólne statystyki
  • Ten quiz został rozwiązany 687 razy
  • Średni wynik to 18 z 24
Statystyki odpowiedzi
Wspólny region Kraj % Poprawnych
Śląsk Czechy
99%
Śląsk Niemcy
99%
Śląsk Polska
99%
Katalonia Hiszpania
98%
Półwysep Koreański Korea Północna
96%
Półwysep Koreański Korea Południowa
96%
Katalonia Francja
95%
Haiti (wyspa) Haiti
89%
Haiti (wyspa) Dominikana
87%
Nowa Gwinea Papui-Nowej Gwinei
87%
Nowa Gwinea Indonezja
84%
Lewant Egipt
70%
Lewant Izrael
70%
Pejpus/ Jezioro Czudzkie Rosja
70%
Lewant Turcja
68%
Lewant Irak
67%
Lewant Syria
67%
Lewant Liban
65%
Lewant Jordania
63%
Epir Grecja
53%
Epir Albania
49%
Lewant Cypr
47%
Pejpus/ Jezioro Czudzkie Estonia
43%
Lewant Palestyna
39%
Nie znaleziono quizów pasujących do podanych kryteriów
Rozkład punktacji
Procent ludzi z każdym wynikiem
Percentyl według liczby udzielonych odpowiedzi
Twoja historia wyników
Nie rozwiązałeś tego quizu